<?xml version="1.0" encoding="UTF-8"?><?xml-stylesheet type="text/xsl" href="static/style.xsl"?><OAI-PMH xmlns="http://www.openarchives.org/OAI/2.0/" xmlns:xsi="http://www.w3.org/2001/XMLSchema-instance" xsi:schemaLocation="http://www.openarchives.org/OAI/2.0/ http://www.openarchives.org/OAI/2.0/OAI-PMH.xsd"><responseDate>2026-04-17T14:46:16Z</responseDate><request verb="GetRecord" identifier="oai:www.recercat.cat:20.500.14342/2299" metadataPrefix="marc">https://recercat.cat/oai/request</request><GetRecord><record><header><identifier>oai:recercat.cat:20.500.14342/2299</identifier><datestamp>2026-02-13T10:26:24Z</datestamp><setSpec>com_2072_482405</setSpec><setSpec>com_2072_183628</setSpec><setSpec>col_2072_482411</setSpec></header><metadata><record xmlns="http://www.loc.gov/MARC21/slim" xmlns:dcterms="http://purl.org/dc/terms/" xmlns:xsi="http://www.w3.org/2001/XMLSchema-instance" xmlns:doc="http://www.lyncode.com/xoai" xsi:schemaLocation="http://www.loc.gov/MARC21/slim http://www.loc.gov/standards/marcxml/schema/MARC21slim.xsd">
   <leader>00925njm 22002777a 4500</leader>
   <datafield ind2=" " ind1=" " tag="042">
      <subfield code="a">dc</subfield>
   </datafield>
   <datafield ind2=" " ind1=" " tag="720">
      <subfield code="a">Carrillo Álvarez, Elena</subfield>
      <subfield code="e">author</subfield>
   </datafield>
   <datafield ind2=" " ind1=" " tag="720">
      <subfield code="a">Civís, Mireia</subfield>
      <subfield code="e">author</subfield>
   </datafield>
   <datafield ind2=" " ind1=" " tag="720">
      <subfield code="a">Andrés Blanch, Tomàs</subfield>
      <subfield code="e">author</subfield>
   </datafield>
   <datafield ind2=" " ind1=" " tag="720">
      <subfield code="a">Longás Mayayo, Eduard</subfield>
      <subfield code="e">author</subfield>
   </datafield>
   <datafield ind2=" " ind1=" " tag="720">
      <subfield code="a">Riera Romaní, Jordi</subfield>
      <subfield code="e">author</subfield>
   </datafield>
   <datafield ind2=" " ind1=" " tag="260">
      <subfield code="c">2018</subfield>
   </datafield>
   <datafield ind2=" " ind1=" " tag="520">
      <subfield code="a">El hecho de finalizar la escuela o abandonarla es un hito fundamental en la vida&#xd;
académica, personal y profesional de una persona. El nivel socioeconómico de pertenencia ha sido señalado como principal predictor de fracaso escolar, hecho que ha podido dificultar el desarrollo de acciones para la mejora del éxito escolar. Nuestro objetivo es identificar elementos individuales, familiares, escolares y comunitarios que, más allá del nivel socioeconómico, condicionan&#xd;
el éxito escolar. Para ello realizamos una revisión de la literatura en la que se exploran los condicionantes más destacados de cada uno de los cuatro ámbitos. El artículo concluye con una discusión sobre su efecto, importancia, interacciones y posibles implicaciones para la práctica, que confirman que la prevención del fracaso escolar debería ir más allá de la escuela para abordar&#xd;
la complejidad del fenómeno.</subfield>
   </datafield>
   <datafield ind2=" " ind1=" " tag="520">
      <subfield code="a">Finishing or leaving school is a key milestone in the academic, personal and professional&#xd;
life of any individual, especially for those in vulnerable socioeconomic contexts. The&#xd;
socioeconomic position has been widely recognized as the main determinant and predictor of&#xd;
school failure, which may have hindered the development of actions to improve school success.&#xd;
Thus, our aim is to identify elements from the individual, family, school and community spheres&#xd;
that condition school success, beyond the socioeconomic context of belonging. A review of the&#xd;
literature is conducted in which the most relevant determinants of these four areas are explored.&#xd;
The paper concludes with a discussion on their impact, significance, efect, interactions and possible&#xd;
implications for practice, which confirms that school failure prevention should be extended&#xd;
beyond school limits.</subfield>
   </datafield>
   <datafield ind1="8" ind2=" " tag="024">
      <subfield code="a">http://hdl.handle.net/20.500.14342/2299</subfield>
   </datafield>
   <datafield tag="653" ind2=" " ind1=" ">
      <subfield code="a">Fracàs escolar</subfield>
   </datafield>
   <datafield tag="653" ind2=" " ind1=" ">
      <subfield code="a">Rendiment escolar</subfield>
   </datafield>
   <datafield tag="653" ind2=" " ind1=" ">
      <subfield code="a">Persones desfavorides</subfield>
   </datafield>
   <datafield tag="653" ind2=" " ind1=" ">
      <subfield code="a">Família--Aspectes econòmics</subfield>
   </datafield>
   <datafield ind2="0" ind1="0" tag="245">
      <subfield code="a">Condicionantes del éxito y fracaso escolar en contextos de bajo nivel socioeconómico</subfield>
   </datafield>
</record></metadata></record></GetRecord></OAI-PMH>